[Event "Sterlitamak op"]
[Site "Sterlitamak"]
[Date "2011.07.01"]
[Round "5"]
[White "Dubov, Danil"]
[Black "Trushkin, Igor"]
[Result "1-0"]
[WhiteElo "2155"]
[BlackElo "1816"]
[PlyCount "77"]
[EventDate "2011.06.27"]
[EventType "swiss"]
[EventRounds "9"]
[EventCountry "RUS"]
[SourceTitle "EXT 2012"]
[Source "ChessBase"]
[SourceDate "2011.11.24"]
[SourceVersion "1"]
[SourceVersionDate "2011.11.24"]
[SourceQuality "1"]

1. e4 e6 2. d3 d5 3. Nd2 Nf6 4. Ngf3 c5 5. g3 Nc6 6. Bg2 Be7 7. 0-0 0-0 8. Re1 b6 9. e5 Nd7 10. Nf1 Bb7 11. h4 Re8 12. Bf4 f6 13. Bh3 Nf8 14. c3 d4 15. c4 Nb4 16. N1h2 a6 17. a3 Nc6 18. exf6 Bxf6 19. Ng4 Qc8 20. Nxf6+ gxf6 21. Bh6 Nd8 22. Nd2 Nf7 23. Bxf8 Kxf8 24. Qh5 Kg7 25. Qg4+ Kf8 26. Rxe6 Qxe6 27. Qxe6 Rxe6 28. Bxe6 Ne5 29. Bf5 h6 30. f4 Nf7 31. Re1 Re8 32. Rxe8+ Kxe8 33. Be4 Bc8 34. b4 Bg4 35. bxc5 bxc5 36. Nb3 f5 37. Bd5 Be2 38. Bxf7+ Kxf7 39. Nxc5 1-0

[Event "Sterlitamak op"]
[Site "Sterlitamak"]
[Date "2011.06.27"]
[Round "1"]
[White "Dubov, Danil"]
[Black "Shamigulov, Albert"]
[Result "1-0"]
[WhiteElo "2155"]
[BlackElo "1668"]
[PlyCount "75"]
[EventDate "2011.06.27"]
[EventType "swiss"]
[EventRounds "9"]
[EventCountry "RUS"]
[SourceTitle "EXT 2012"]
[Source "ChessBase"]
[SourceDate "2011.11.24"]
[SourceVersion "1"]
[SourceVersionDate "2011.11.24"]
[SourceQuality "1"]

1. e4 c5 2. Nf3 e6 3. d3 d6 4. g3 Nc6 5. Bg2 Nf6 6. 0-0 Be7 7. Nbd2 Qc7 8. Re1 0-0 9. c3 e5 10. Nf1 Be6 11. d4 exd4 12. cxd4 cxd4 13. Nxd4 Nxd4 14. Qxd4 a6 15. Bd2 Rac8 16. Rac1 Qb8 17. b3 Rfd8 18. Ne3 Bf8 19. Nd5 Bxd5 20. exd5 Nd7 21. Rxc8 Rxc8 22. Bh3 Rc7 23. Ba5 b6 24. Bxd7 bxa5 25. Re8 Qa7 26. Qxa7 Rxa7 27. Bc6 g6 28. Rb8 Kg7 29. Rb6 Be7 30. Bb7 Bf6 31. Bxa6 Rd7 32. b4 Bd4 33. bxa5 Bxb6 34. axb6 Kf8 35. a4 Ke7 36. Bb5 Rb7 37. a5 Kd8 38. a6 1-0

[Event "Bashkortostan-ch sf"]
[Site "Maloyaz"]
[Date "2011.04.14"]
[Round "6"]
[White "Dubov, Danil"]
[Black "Mukhametdinov, Ilyas"]
[Result "1-0"]
[WhiteElo "2147"]
[BlackElo "1954"]
[PlyCount "61"]
[EventDate "2011.04.12"]
[EventType "swiss"]
[EventRounds "9"]
[EventCountry "RUS"]
[SourceTitle "EXT 2013"]
[Source "ChessBase"]
[SourceDate "2012.11.22"]
[SourceVersion "1"]
[SourceVersionDate "2012.11.22"]
[SourceQuality "1"]

1. e4 c5 2. Nf3 Nc6 3. Nc3 a6 4. a4 b6 5. Bc4 e6 6. d4 cxd4 7. Nxd4 Nge7 8. Be3 Bb7 9. 0-0 Qc7 10. Ncb5 axb5 11. Nxb5 Qb8 12. Nd6+ Qxd6 13. Qxd6 Nf5 14. Qc7 Nxe3 15. fxe3 Bc5 16. Qxb7 0-0 17. Qxd7 Ne5 18. Qb5 Rfc8 19. Bd3 Ra5 20. Qb3 Bxe3+ 21. Kh1 Ng4 22. h3 Rcc5 23. Qxb6 Ra8 24. Qb7 Rcc8 25. hxg4 h5 26. g3 hxg4 27. Qxf7+ Kh8 28. Kg2 Kh7 29. Rh1+ Bh6 30. Rxh6+ Kxh6 31. Rh1+ 1-0

[Event "Bashkortostan-ch sf"]
[Site "Maloyaz"]
[Date "2011.04.13"]
[Round "4"]
[White "Timankin, Fedor"]
[Black "Dubov, Danil"]
[Result "1/2-1/2"]
[WhiteElo "1985"]
[BlackElo "2147"]
[PlyCount "101"]
[EventDate "2011.04.12"]
[EventType "swiss"]
[EventRounds "9"]
[EventCountry "RUS"]
[SourceTitle "EXT 2013"]
[Source "ChessBase"]
[SourceDate "2012.11.22"]
[SourceVersion "1"]
[SourceVersionDate "2012.11.22"]
[SourceQuality "1"]

1. Nf3 Nf6 2. g3 g6 3. Bg2 Bg7 4. 0-0 0-0 5. d3 d5 6. Nbd2 c5 7. e4 d4 8. a4 Nc6 9. h3 a6 10. Nc4 Be6 11. Nfd2 b5 12. axb5 axb5 13. Rxa8 Qxa8 14. Na3 Qa6 15. f4 Nb4 16. Qe1 Na2 17. Qf2 Nxc1 18. Rxc1 c4 19. dxc4 bxc4 20. Bf1 Qc8 21. e5 c3 22. exf6 cxd2 23. Qxd2 Bxf6 24. Kh2 Rd8 25. b4 Bd5 26. b5 e5 27. c4 dxc3 28. Rxc3 Qa8 29. fxe5 Be4 30. Qf4 Be7 31. Rc7 g5 32. Qe3 Bxa3 33. Ra7 Qxa7 34. Qxa7 Rd2+ 35. Kg1 Bb2 36. Qb8+ Kg7 37. Bc4 Bd4+ 38. Kf1 Bf3 39. Be2 Bxe2+ 40. Ke1 Bc3 41. Kf2 Bxb5+ 42. Kf3 Bd7 43. Qc7 Bb4 44. Qc4 Ba5 45. Qc5 Rd3+ 46. Ke4 Bb4 47. Qxb4 Rxg3 48. Qe7 Be6 49. Qf6+ Kg8 50. Qd8+ Kg7 51. Qf6+ 1/2-1/2

[Event "Bashkortostan-ch"]
[Site "Oktjabrsky"]
[Date "2010.12.16"]
[Round "3.3"]
[White "Kashapov, Sergey"]
[Black "Dubov, Danil"]
[Result "1-0"]
[WhiteElo "1980"]
[BlackElo "2195"]
[PlyCount "101"]
[EventDate "2010.12.14"]
[EventType "swiss"]
[EventRounds "9"]
[EventCountry "RUS"]
[SourceTitle "EXT 2022"]
[Source "ChessBase"]
[SourceDate "2021.10.06"]
[SourceVersion "1"]
[SourceVersionDate "2021.10.06"]
[SourceQuality "1"]

1. e4 e5 2. Nf3 Nc6 3. d3 Nf6 4. g3 Bc5 5. Bg2 d6 6. h3 0-0 7. 0-0 d5 8. exd5 Nxd5 9. Nxe5 Nxe5 10. d4 Nb4 11. c3 Bf5 12. Na3 Bd3 13. Re1 Bxd4 14. cxd4 Qxd4 15. Qb3 c5 16. Bf4 Nec6 17. Qc3 Na6 18. Qxd4 cxd4 19. Bxc6 bxc6 20. Rad1 Bf5 21. Rxd4 Bxh3 22. Rc1 c5 23. Ra4 Bc8 24. Nb5 Rd8 25. Nd6 g5 26. Nxc8 Rdxc8 27. Bxg5 Nb4 28. Be7 Rc7 29. Bxc5 Rac8 30. Rxb4 Rxc5 31. Rxc5 Rxc5 32. Rb7 Rc2 33. a4 Rc1+ 34. Kg2 Rb1 35. a5 a6 36. Kf3 Ra1 37. b4 Ra2 38. Rb6 Rb2 39. Ke3 h5 40. Kd3 Rxf2 41. Rxa6 Rf3+ 42. Ke2 Rxg3 43. b5 Rb3 44. b6 Rb2+ 45. Kf3 Kg7 46. Ra7 Kg6 47. b7 Rb3+ 48. Kf4 Rb4+ 49. Ke3 Rb3+ 50. Kd4 h4 51. Ra6+ 1-0

[Event "Sterlitamak op"]
[Site "Sterlitamak"]
[Date "2010.07.01"]
[Round "8"]
[White "Makeeva, Tatyana"]
[Black "Dubov, Danil"]
[Result "0-1"]
[WhiteElo "1975"]
[BlackElo "2190"]
[PlyCount "70"]
[EventDate "2010.06.24"]
[EventType "swiss"]
[EventRounds "9"]
[EventCountry "RUS"]
[SourceTitle "CBM 137 Extra"]
[Source "ChessBase"]
[SourceDate "2010.09.01"]
[SourceVersion "1"]
[SourceVersionDate "2010.09.01"]
[SourceQuality "1"]

1. e4 Nc6 2. Nf3 e5 3. Bc4 Nf6 4. Ng5 Bc5 5. Nxf7 Bxf2+ 6. Kxf2 Nxe4+ 7. Ke3 Qh4 8. Qf3 Ng3 9. d3 Nxh1 10. g3 Qd4+ 11. Ke2 Rf8 12. c3 Qg1 13. Na3 a6 14. Qh5 Qf2+ 15. Kd1 Rxf7 16. Bxf7+ Qxf7 17. Qxf7+ Kxf7 18. Be3 d5 19. Kc2 Nxg3 20. hxg3 Bg4 21. Kd2 Ke6 22. Rf1 Ne7 23. Nc2 Nf5 24. Bc5 h5 25. Ne3 Nxg3 26. Rg1 Nf5 27. Nxg4 hxg4 28. Rxg4 Rh8 29. Rg2 Kf6 30. Be3 Rh5 31. Ke2 g5 32. Bd2 e4 33. dxe4 dxe4 34. Rg4 Rh2+ 35. Ke1 e3 0-1

[Event "Voronezh op-B 14th"]
[Site "Voronezh"]
[Date "2010.06.21"]
[Round "9"]
[White "Dubov, Danil"]
[Black "Tatekhin, Vyacheslav"]
[Result "1/2-1/2"]
[WhiteElo "2190"]
[BlackElo "2045"]
[PlyCount "51"]
[EventDate "2010.06.12"]
[EventType "swiss"]
[EventRounds "9"]
[EventCountry "RUS"]
[SourceTitle "CBM 137 Extra"]
[Source "ChessBase"]
[SourceDate "2010.09.01"]
[SourceVersion "1"]
[SourceVersionDate "2010.09.01"]
[SourceQuality "1"]

1. e4 c6 2. d4 d5 3. exd5 cxd5 4. Bd3 Nc6 5. c3 Nf6 6. Nf3 Bg4 7. 0-0 e6 8. Re1 Be7 9. Nbd2 0-0 10. Nf1 Bh5 11. Ng3 Bg6 12. Bf4 a6 13. Ne5 Nxe5 14. Bxe5 Rc8 15. Bxg6 hxg6 16. Qd3 Qb6 17. Re2 Qc6 18. Bxf6 Bxf6 19. h3 Qc4 20. Qxc4 Rxc4 21. Nf1 Bg5 22. Ne3 Bxe3 23. fxe3 b5 24. a3 Rfc8 25. e4 dxe4 26. Rxe4 1/2-1/2

[Event "Bashkortostan-ch sf"]
[Site "Chishmy"]
[Date "2010.05.??"]
[Round "4"]
[White "Karimov, Zakir"]
[Black "Dubov, Danil"]
[Result "1-0"]
[WhiteElo "2046"]
[BlackElo "2161"]
[PlyCount "65"]
[EventDate "2010.05.??"]
[EventType "swiss"]
[EventRounds "9"]
[EventCountry "RUS"]
[SourceTitle "EXT 2012"]
[Source "ChessBase"]
[SourceDate "2011.11.24"]
[SourceVersion "1"]
[SourceVersionDate "2011.11.24"]
[SourceQuality "1"]

1. e4 d6 2. d4 Nf6 3. Nc3 e5 4. dxe5 dxe5 5. Qxd8+ Kxd8 6. Bc4 Be6 7. Bxe6 fxe6 8. a3 Bd6 9. Be3 a6 10. h3 b5 11. 0-0-0 Ke7 12. Nge2 Nc6 13. f4 Rhb8 14. fxe5 Nxe5 15. Nd4 c5 16. Nf3 Nxf3 17. gxf3 b4 18. Na4 bxa3 19. bxa3 Rb5 20. Rhg1 g6 21. Rg5 e5 22. f4 exf4 23. Bxc5 Bxc5 24. Rxc5 Rd8 25. Rc7+ Rd7 26. Rdxd7+ Nxd7 27. c4 f3 28. Kd2 Rb1 29. Ke3 Rb3+ 30. Kf2 Kd6 31. Rxd7+ Kc6 32. Ra7 Rxa3 33. Rxa6+ 1-0

[Event "Moscow-ch final"]
[Site "Moscow"]
[Date "2010.03.25"]
[Round "1"]
[White "Dubov, Danil"]
[Black "Krylov, Mikhail"]
[Result "1/2-1/2"]
[WhiteElo "2155"]
[BlackElo "2511"]
[PlyCount "48"]
[EventDate "2010.03.25"]
[EventType "k.o."]
[EventRounds "2"]
[EventCountry "RUS"]
[SourceTitle "CBM 135 Extra"]
[Source "ChessBase"]
[SourceDate "2010.05.04"]
[SourceVersion "1"]
[SourceVersionDate "2010.05.04"]
[SourceQuality "1"]

1. d4 Nf6 2. Nf3 g6 3. c4 Bg7 4. g3 0-0 5. Bg2 d6 6. 0-0 Nc6 7. Nc3 a6 8. d5 Na5 9. Nd2 c5 10. Qc2 Rb8 11. b3 b5 12. Bb2 e5 13. dxe6 fxe6 14. Rad1 bxc4 15. Nxc4 Nxc4 16. bxc4 Rb4 17. e3 Bb7 18. Bxb7 Rxb7 19. Ba1 Qe7 20. Rd2 Ng4 21. Qe4 Ne5 22. f4 Ng4 23. Qf3 Ne5 24. Qe4 Ng4 1/2-1/2

[Event "Bashkortostan-ch"]
[Site "Sterlitamak"]
[Date "2010.02.05"]
[Round "8"]
[White "Dubov, Danil"]
[Black "Atangulov, Rinat"]
[Result "1-0"]
[WhiteElo "2155"]
[BlackElo "2076"]
[PlyCount "97"]
[EventDate "2010.02.02"]
[EventType "swiss"]
[EventRounds "9"]
[EventCountry "RUS"]
[SourceTitle "CBM 134 Extra"]
[Source "ChessBase"]
[SourceDate "2010.03.03"]
[SourceVersion "1"]
[SourceVersionDate "2010.03.03"]
[SourceQuality "1"]

1. e4 c5 2. Nf3 Nc6 3. Bb5 g6 4. Bxc6 bxc6 5. 0-0 Bg7 6. e5 Nh6 7. Nc3 0-0 8. Ne4 Ng4 9. Nxc5 Nxe5 10. Nxe5 Bxe5 11. d4 Bg7 12. c3 d6 13. Nd3 Ba6 14. Re1 Bxd3 15. Qxd3 e6 16. b3 Qa5 17. Bd2 d5 18. c4 Qa6 19. Rac1 Rfd8 20. Be3 Rab8 21. Rc2 Rb4 22. Qc3 Qb7 23. cxd5 cxd5 24. Rec1 h5 25. Qd2 a5 26. Rc7 Qb8 27. Bg5 Rxd4 28. Qxa5 Re8 29. Be7 Be5 30. Rd7 Bxh2+ 31. Kh1 Bf4 32. Rf1 Rd2 33. Bd6 Bxd6 34. Qxd2 Qb5 35. Rxd6 Qxf1+ 36. Kh2 Rc8 37. Qd4 Qb5 38. Rb6 Qa5 39. a4 e5 40. Qb4 Qa7 41. a5 Qd7 42. Qd6 Qg4 43. Rc6 Qh4+ 44. Kg1 Rd8 45. Qxe5 d4 46. Rd6 d3 47. g3 Rxd6 48. gxh4 Rd8 49. Qe1 1-0

[Event "Bashkortostan-ch"]
[Site "Sterlitamak"]
[Date "2010.02.02"]
[Round "2"]
[White "Litvinov, Maxim"]
[Black "Dubov, Danil"]
[Result "0-1"]
[WhiteElo "1729"]
[BlackElo "2155"]
[PlyCount "80"]
[EventDate "2010.02.02"]
[EventType "swiss"]
[EventRounds "9"]
[EventCountry "RUS"]
[SourceTitle "CBM 134 Extra"]
[Source "ChessBase"]
[SourceDate "2010.03.03"]
[SourceVersion "1"]
[SourceVersionDate "2010.03.03"]
[SourceQuality "1"]

1. e4 c6 2. d4 d5 3. exd5 cxd5 4. Nf3 Nc6 5. Bd3 Bg4 6. c3 Nf6 7. Bf4 e6 8. Nbd2 Be7 9. 0-0 0-0 10. Qb3 Bd6 11. Bxd6 Qxd6 12. Rae1 Nd7 13. Qc2 h6 14. h3 Bxf3 15. Nxf3 Rfc8 16. Qe2 Rab8 17. Ne5 Ndxe5 18. dxe5 Qc5 19. Kh1 b5 20. f4 d4 21. cxd4 Nxd4 22. Qe4 Nf5 23. Kh2 Rd8 24. g4 Rd4 25. Qe2 Rbd8 26. gxf5 Rxd3 27. Rd1 Rxd1 28. Rxd1 Rxd1 29. Qxd1 Qf2+ 30. Kh1 exf5 31. Qc1 Kh7 32. a3 h5 33. Qd1 Qxf4 34. Qxh5+ Kg8 35. Qe2 Qe4+ 36. Qxe4 fxe4 37. Kg2 f5 38. Kg3 g5 39. h4 f4+ 40. Kg4 e3 0-1

[Event "Ufa Siamidi Memorial op"]
[Site "Ufa"]
[Date "2009.10.10"]
[Round "8"]
[White "Dubov, Danil"]
[Black "Malin, Denis Sergeevich"]
[Result "1-0"]
[WhiteElo "2113"]
[BlackElo "2085"]
[PlyCount "39"]
[EventDate "2009.10.03"]
[EventType "swiss"]
[EventRounds "9"]
[EventCountry "RUS"]
[SourceTitle "EXT 2011"]
[Source "ChessBase"]
[SourceDate "2010.11.26"]
[SourceVersion "1"]
[SourceVersionDate "2010.11.26"]
[SourceQuality "1"]

1. d4 d5 2. Nc3 Bf5 3. Bg5 c6 4. Qd2 Nf6 5. f3 Nbd7 6. 0-0-0 Qa5 7. Qf4 Be6 8. e4 dxe4 9. fxe4 Bxa2 10. Nf3 Be6 11. d5 cxd5 12. exd5 Nxd5 13. Nxd5 Bxd5 14. Rxd5 Qxd5 15. Bc4 Qa5 16. Bxf7+ Kd8 17. Kb1 h6 18. Rd1 Rc8 19. Be6 Rc7 20. Rxd7+ 1-0